Epistemología de la salud. (Registro nro. 467)

Detalles MARC
000 -LEADER
fixed length control field 01027 am a2200253 a 4500
005 - FECHA ULTIMA MODIFICACION
control field 20240624114222.0
008 - CAMPO DE CONTROL (LIBRO)
fixed length control field 100702s2004||||ag d f |||| 001 0 spa d
020 ## - INTERNATIONAL STANDARD BOOK NUMBER
ISBN 9508921897
041 ## - CODIGO DE IDIOMA
Código de idioma del texto/pista de sonido o título separado spa
092 ## - SIGNATURA TOPOGRAFICA DEWEY LOCAL
número de clasificación 121
libristica 77
sección SAM
100 1# - ENTRADA PRINCIPAL--NOMBRE PERSONAL
Nombre personal Samaja, Juan.
9 (RLIN) 1099
245 ## - TITULO PROPIAMENTE DICHO
Título Epistemología de la salud.
Subtítulo y Título paralelo Reproducción social, subjetividad y transdisciplina /
Mención de responsabilidad y remanente de la transcripción de la portada Juan Samaja.
250 ## - MENCION DE EDICION
Mención de edición 1a ed.
Mención de responsabilidad relacionada con la ed. Prólogo Emiliano Galende
260 ## - PIE DE IMPRENTA
Lugar de publicación, distribución, etc Buenos Aires:
Nombre de la editorial, distribuidor, etc Lugar Editorial;
Fecha de publicación 2004.
300 ## - DESCRIPCION FISICA
Extension 245 p.
Dimensiones 23x16 cm.
500 ## - NOTA GENERAL
Nota general Samaja, J. (2004). Epistemología de la salud. Reproducción social, subjetividad y transdisciplina. (1a ed.). Buenos Aires : Lugar Editorial.
590 ## - NOTAS LOCALES (RLIN)
Nota local Donación Editorial Lugar, Nov. 2005
653 ## - TÉRMINO INDIZADO - PALABRAS CLAVES
Palabra clave Introducción a la epistemología de las ciencias de la salud
653 ## - TÉRMINO INDIZADO - PALABRAS CLAVES
Palabra clave Reproducción social y las relaciones entre salud y condiciones de vida
653 ## - TÉRMINO INDIZADO - PALABRAS CLAVES
Palabra clave Subjetividad y metodología
653 ## - TÉRMINO INDIZADO - PALABRAS CLAVES
Palabra clave Ontología y perspectiva transdisciplinaria
930 ## - NUMERO DE INVENTARIO
Número de inventario 1349
942 ## - ADDED ENTRY ELEMENTS (KOHA)
Source of classification or shelving scheme Dewey Decimal Classification
Item type Libros
Existencias
Estado de retiro Existencia Estado general No para prestamo Ubicación permanente ubicación actual Sala de ubicación Fecha de adquisición Total Checkouts Número de clasificación Código de barras Date last seen Número de ejemplar Price effective from Koha tipo de elemento (item)
        Biblioteca Medicina Biblioteca Medicina Circulación 13/05/2011   121 77 SAM 1349 06/11/2014 ej.1 13/05/2011 Libros

UNIVERSIDAD NACIONAL DEL COMAHUE
Biblioteca de la Facultad de Ciencias Médicas
Sede Toschi: Los Arrayanes y Av. Toschi, Cipolletti  - Rio Negro
Sede Los Tordos:  Yrigoyen al 2211, Cipolletti - Rio Negro 

Teléfono: 0299 - 4774707 int 25
Contacto: biblioteca@facimed.uncoma.edu.ar
© 2011 - 2026